| 000 | 02300nam0a2200361 4500 | ||
|---|---|---|---|
| 001 | RU\NLR\BIBL_A\022622709 | ||
| 005 | 20251126153929.0 | ||
| 010 |
_a978-5-8311-1616-8 _9200 |
||
| 021 |
_aRU _bКН-П-25-043380 _9КН-П-25-4223 |
||
| 035 | _a(NLR Aleph) 022622709 | ||
| 090 |
_a13469897 _c13469897 |
||
| 100 | _a20250916d2025 u y0rusy50 ca | ||
| 101 | 0 | _arus | |
| 102 | _aRU | ||
| 105 | _aa z 000yy | ||
| 181 | 0 |
_ai3 _baxxe |
|
| 182 | 0 | _an | |
| 200 | 1 |
_aУчебно-методическое пособие по работе со сборником стихотворений "От старины до наших дней истории простых семей" авторского коллектива педагогов, родителей и выпускников МБДОУ "Детский сад № 4" _fМуниципальное бюджетное дошкольное образовательное учреждение "Детский сад № 4 "Улыбка" комбинированного вида" города Юрьева-Польского _gО. Н. Пухарина, старший воспитатель, и творческая группа педагогов МБДОУ "Детский сад № 4" |
|
| 203 |
_aТекст _bвизуальный _cнепосредственный |
||
| 210 |
_aВладимир _cТранзит-ИКС _d2025 |
||
| 215 |
_a50 с. _cцв. ил. _d20 |
||
| 320 | _aБиблиогр.: с. 49 (6 назв.) | ||
| 606 | 1 |
_aДошкольники _jУчебно-методические пособия _xВоспитание любви к семье _92589722 _3RU\NLR\AUTH\661530509 |
|
| 606 | 1 |
_aДошкольные учреждения _jУчебно-методические пособия _xРабота с родителями _92312270 _3RU\NLR\AUTH\661383807 |
|
| 686 | 1 | _aЧ411.51я7 | |
| 686 | 1 | _aЧ411.352я7 | |
| 702 | 1 |
_aПухарина _bО. Н. _gОльга Николаевна _4220 |
|
| 711 | 0 | 2 |
_a"Улыбка", детский сад комбинированного вида _c4; Юрьев-Польский _9885226 _3RU\NLR\AUTH\880613375 |
| 942 | _cBOOK | ||
| 980 | _aNB | ||